Idées sommaires sur l'établissement d'un papier monnoie.

Bibliographic Details
Format: eBook
Language:French
Published: [Place of publication not identified] : [publisher not identified], [1789]
Series:Making of the modern world (Goldsmiths'-Kress Library of Economic Literature)
Subjects:
Online Access:Connect to the full text of this electronic book

MARC

Tag First Indicator Second Indicator Subfields
LEADER 00000cam a2200000Ia 4500
001 in00002296021
005 20190326201803.0
006 m | d |
007 cr |n||||||||n
008 900829s1789 xx s 000 0 fre d
010 |a nuc87552131  
040 |a ResP  |c GKS  |d RQM  |d GKS  |d OCLCQ  |d Thomson Gale  |d UtOrBLW 
043 |a e-fr--- 
050 1 4 |a HB161  |b .G64 no. 13913 
082 0 4 |a 330  |b G62 
245 0 0 |a Idées sommaires sur l'établissement d'un papier monnoie. 
264 1 |a [Place of publication not identified] :  |b [publisher not identified],  |c [1789] 
300 |a 16 pages ;  |c octavo. 
336 |a text  |b txt  |2 rdacontent 
337 |a computer  |b c  |2 rdamedia 
338 |a online resource  |b cr  |2 rdacarrier 
500 |a Imprint from colophon. 
500 |a Reproduction of original from Goldsmiths' Library, University of London. 
500 |a Goldsmiths'-Kress number 13913. 
510 4 |a OCLC,  |c 22291332 
533 |a Electronic reproduction.  |b Farmington Hills, Mich. :  |c Thomson Gale,  |d 2005.  |f (The making of the modern world).  |n Available via the World Wide Web.  |n Access limited to licensing agreements.  |7 s2005 miunns 
500 |a Electronic resource. 
650 0 |a Paper money  |z France. 
655 0 |a Electronic books. 
830 0 |a Making of the modern world (Goldsmiths'-Kress Library of Economic Literature) 
856 4 0 |u http://proxy.library.tamu.edu/login?url=http://galenet.galegroup.com/servlet/MOME?af=RN&ae=U102182596&srchtp=a&ste=14&locID=txshracd2898  |z Connect to the full text of this electronic book  |t 0 
999 |a MARS 
999 f f |s 9d79f6db-c90d-38d4-93bf-5a7f056c1ecc  |i 519d32aa-8dc8-3ec5-a1e5-5520a3af9229  |t 0 
952 f f |a Texas A&M University  |b College Station  |c Electronic Resources  |d Available Online  |t 0  |e HB161 .G64 no. 13913  |h Library of Congress classification 
998 f f |a HB161 .G64 no. 13913  |t 0  |l Available Online